| 000 | 01943nam0a2200373 4500 | ||
|---|---|---|---|
| 001 | RU\NLR\bibl\1044381 | ||
| 005 | 20250615032112.0 | ||
| 010 |
_a5-328-00103-6 _970 |
||
| 021 |
_aRU _b2006-72333 _93645 |
||
| 035 | _a(nilc)RSL-KNO-002968167 | ||
| 035 | _a(NLR Aleph) 001031758 | ||
| 090 |
_a763097 _c763097 |
||
| 100 | _a20061107d2006 |||y0rusy50 ca | ||
| 101 | 0 | _arus | |
| 102 | _aRU | ||
| 105 | _ay ||||||||| | ||
| 106 | _ar | ||
| 200 | 1 |
_aОрганизация производства на предприятиях рыбной отрасли _eучебное пособие для студентов специальности 060800 "Экономика и управление на предприятии" вузов региона _fН. Г. Мищенко _gКамчатский гос. технический ун-т, Каф. экономики и упр. |
|
| 210 |
_aПетропавловск-Камчатский _cКамчатГТУ _d2006 |
||
| 215 |
_a135, [1] с. _d20 |
||
| 320 | _aБиблиогр.: с. 131-133 (25 назв.) | ||
| 606 | 1 |
_aРыбная промышленность _jУчебные издания для высших учебных заведений _xОрганизация производства _91578358 _3RU\NLR\auth\66991672 |
|
| 610 | 0 | _aЭкономика -- Российская Федерация -- Рыбная промышленность -- Организация производства -- Учебное пособие для высшей школы | |
| 686 |
_aУ9(2)352.0-801я73-1 _2rubbk |
||
| 686 | _aУ35(2)-801я73 | ||
| 700 | 1 |
_4070 _aМищенко _bН. Г. _cканд. экон. наук _gНаталья Геннадьевна _9153397 _3RU\NLR\AUTH\770153435 |
|
| 801 | 0 |
_aRU _bРКП _c20061107 _grcr |
|
| 801 | 1 |
_aRU _bРГБ _c20061107 |
|
| 801 | 2 |
_aRU _bNLR _c20070212 _grcr |
|
| 942 | _cBOOK | ||
| 980 | _aNB | ||
| 980 | _aNBR | ||